Normal view
MARC view
- Sir, Taha Ali
Entry Personal Name
001 - CONTROL NUMBER
- control field: 30830
003 - CONTROL NUMBER IDENTIFIER
- control field: NUST
005 - DATE AND TIME OF LATEST TRANSACTION
- control field: 20200928102746.0
008 - FIXED-LENGTH DATA ELEMENTS
- fixed length control field: 200928|| aca||aabn | a|a d
040 ## - CATALOGING SOURCE
- Original cataloging agency: NUST
- Transcribing agency: NUST
100 ## - HEADING--PERSONAL NAME
- Personal name: Sir, Taha Ali
670 ## - SOURCE DATA FOUND
- Source citation: Work cat.: (NUST): Adil Ahmad ; Sarum Younas ; Osama Nadee 30829, Secure Analytics Using Blockchain /, 2019.
